000 00282nam a2200121 i 4500
001 bg
245 0 _aNauki Ilogi. Issledovanie kosmiceskogo prostranstva.
260 _aMoskva,
_c1971.
040 _cBPK
041 _apol
942 _cKS
008 s pl f |000 0 pol
999 _c14017
_d14017
856 _uhttp://koha.tu.koszalin.pl/cgi-bin/koha/opac-detail.pl?biblionumber=14017
_yKatalog online BPK